[Event "Warsaw Najdorf Memorial op-B"]
[Site "Warsaw"]
[Date "2021.07.11"]
[Round "2"]
[White "Arciszewska, Zuzanna"]
[Black "Wawrzos, Leszek"]
[Result "1-0"]
[WhiteElo "1604"]
[BlackElo "1318"]
[PlyCount "83"]
[EventDate "2021.07.10"]
[EventType "swiss"]
[EventRounds "9"]
[EventCountry "POL"]
[SourceTitle "EXT 2022"]
[Source "ChessBase"]
[SourceDate "2021.10.06"]
[SourceVersion "1"]
[SourceVersionDate "2021.10.06"]
[SourceQuality "1"]

1. d4 Nf6 2. Nf3 g6 3. c4 c5 4. Nc3 cxd4 5. Nxd4 a6 6. g3 Bg7 7. Bg2 Qc7 8. b3 0-0 9. Bb2 Nc6 10. 0-0 e5 11. Nf3 Re8 12. e3 d6 13. Rc1 Bg4 14. Qd2 Rad8 15. h3 Bc8 16. Rfd1 Qb8 17. Ba3 Bf8 18. Ng5 Be6 19. Nge4 Be7 20. Bxd6 Nxe4 21. Nxe4 f5 22. Bxb8 Rxd2 23. Nxd2 Rxb8 24. Bd5 Kf7 25. Nb1 Nb4 26. a3 Nxd5 27. cxd5 Bd7 28. Rc7 Ke8 29. d6 Bd8 30. Rc5 Bf6 31. Nc3 e4 32. Nd5 Bd8 33. Nc7+ Kf7 34. b4 h5 35. Nd5 b6 36. Rc7 Ke8 37. Ra7 Bb5 38. Rg7 Be2 39. Rc1 g5 40. Nc7+ Kf8 41. Ne6+ Ke8 42. d7# 1-0